British TV Match Quiz Stats

 Plays Quiz Updated Jul 20, 2016

Challenge
Share
Tweet
Score 0/40 Timer 04:00
4 Plays Today
% Correct
Downton
98.1%
Fawlty
93.5%
Doctor
93.4%
Upstairs
89.5%
Absolutely
89%
Mr.
88%
Top
86.8%
Robin
84.3%
Planet
82.5%
Inspector
82.4%
Midsomer
82.3%
Red
80.2%
I,
78.7%
Peep
78.6%
Prime
77.9%
Doc
76.7%
Penny
75.5%
Little
75%
Shooting
74.9%
Peaky
74%
% Correct
Silent
72.8%
Dad's
72.8%
Spitting
71.9%
Horrible
70.7%
Being
70.1%
Yes
70%
Cold
68.8%
Ripper
68.3%
Q
67.3%
Waterloo
66.1%
Soldier
65.6%
Holby
63.4%
Bad
61.3%
Jonathan
60.7%
New
60%
Blue
59.9%
Strike
53.5%
Our
51%
Blake's
49.9%
Camberwick
49.1%

You're not logged in!

Compare scores with friends on all Sporcle quizzes.
OR
Log In

You Might Also Like...

Show Comments

Extras

Top Quizzes Today


Score Distribution

Your Account Isn't Verified!

In order to create a playlist on Sporcle, you need to verify the email address you used during registration. Go to your Sporcle Settings to finish the process.

Report this User

Report this user for behavior that violates our Community Guidelines.

Details: